Normale Ansicht MARC-Ansicht ISBD

Das Rheinland zwischen Frankreich und Preußen : (Titelsatznr. 18425)

[ MARC ]
MARC-Details
000 -Satzkennung
Kontrollfeld mit fester Länge 00853nam a22002891c 4500
001 - Kontrollnummer
Kontrollfeld bt000003950
008 - Feld mit fester Länge zur physischen Beschreibung - Allgemeine Angaben
Kontrollfeld mit fester Länge 090512s1992 gw |||| 000u ger d
020 ## - Internationale Standardbuchnummer
Internationale Standardbuchnummer 3412065919
Verknüpfung 3-412-06591-9
041 ## - Sprachcode
Sprachcode des Textes/der Tonspur oder des separaten Titels ger
040 ## - Katalogisierungsquelle
Übertragungsstelle RU-10907106
003 - Kontrollnummer Identifier
Kontrollfeld RU-10907106
100 1# - Haupteintragung - Personenname
Personenname Koltes, Manfred
245 04 - Titel
Titel Das Rheinland zwischen Frankreich und Preußen :
Zusatz zum Titel Studien zu Kontinuität und Wandel am Beginn der preußischen Herrschaft (1814 - 1822)
264 ## - Produktion, Veröffentlichung, Distribution, Herstellung und Urheberrechtsvermerk
Herstellungs-, Veröffentlichungs- Vertriebs-, Erzeugungsort Köln [u.a.] :
Produzent, Herausgeber, Distributor, Hersteller Böhlau,
Datum der Herstellung, der Veröffentlichung, des Vertriebs oder des Urheberschutzvermerks 1992
300 ## - Physische Beschreibung
Umfang 547 S.
490 #0 - Gesamttitelangabe
Gesamttitelangabe Dissertationen zur neueren Geschichte
Bandnummer/Folgebezeichnung 22
502 ## - Dissertationsvermerk
Dissertationsvermerk Zugl.: Trier, Univ., Diss., 1990
650 #0 - Nebeneintragung unter einem Schlagwort - Sachschlagwort
Sachschlagwort oder geografischer Name als Eintragungselement Napoleonische Kriege
650 #0 - Nebeneintragung unter einem Schlagwort - Sachschlagwort
Sachschlagwort oder geografischer Name als Eintragungselement Wiener Kongreß
650 #0 - Nebeneintragung unter einem Schlagwort - Sachschlagwort
Sachschlagwort oder geografischer Name als Eintragungselement Katholische Kirche
651 #0 - Nebeneintragung unter einem Schlagwort - Geografischer Name
Geografischer Name Köln
651 #0 - Nebeneintragung unter einem Schlagwort - Geografischer Name
Geografischer Name Bonn
651 #0 - Nebeneintragung unter einem Schlagwort - Geografischer Name
Geografischer Name Koblenz
651 #0 - Nebeneintragung unter einem Schlagwort - Geografischer Name
Geografischer Name Trier
655 #0 - Indexierungsterm - Genre/Form
Genre/Form oder fokussierter Term Hochschulschrift
942 ## - Zusätzliche Felder (Koha)
Koha-Medientyp Monographien
Exemplare
Ausgeschieden Verloren Klassifikation oder Aufstellungssystematik Beschädigt Nicht entleihbar Heimatbibliothek Aufenthaltsbibliothek Aufstellungsort Erwerbungsdatum Inventarnummer Signatur Barcode Letzte Aktivität Preis gültig von Koha-Medientyp
    Andere/Generische Klassifikation     MWN Osteuropa MWN Osteuropa Lesesaal - 1 12/05/2009 09-02102 D 41 n Rheinl 2 E0040150790EA3AF 22/02/2021 22/03/2021 Monographien